000 01081nam a22003617a 4500
001 0008404
003 KOHA_MİRAKIL
005 20260207001633.0
007 ta
008 091009b1974 tu |||gr||||#||||0|tur |
020 _cTL4
040 _aTR-BiSEU
_btur
_cTR-BiSEU
_erda
041 0 _atur
044 _ctu
050 _aCC67
_b.M35 1974
240 1 0 _aMélanges Mansel II
_lTürkçe
245 0 _aMansel'e Armağan =
_bMélanges Mansel II.
264 1 _aAnkara :
_bTürk Tarih Kurumu
_c1974
300 _a3 c. xxxiv, 970 s., 184 leaves of plates: ill. (1 fold. plate); 24 cm.
336 _ametin
_btxt
_2rdacontent
337 _aaracısız
_bn
_2rdamedia
338 _acilt
_bnc
_2rdacarrier
490 1 _aTürk Tarih Kurumu yayınlarından.
490 1 _a dizi VII ;
_vsa.
490 1 _a60-a.
650 0 _aMansel, Arif Müfid, 1905-.
_920919
650 0 _aArchaeology.
_920920
650 0 _aTurkey--Antiquities.
_914452
830 1 _aTürk Tarih Kurumu yayınlarından.
_920292
830 1 _a dizi VII ;
_vsa.
_920921
830 1 _a60-a.
_920922
942 _2lcc
_cBK
999 _c8376
_d8376